000 00643cam a2200217 4500
001 D12744
008 090401t1947 xxu||||| |||| 00| 0 eng d
035 _a(Sirsi) u5434
041 _aeng
100 _aFletcher, Banister
245 _aQuantities: a guide to the measurement and valuation of building and engineering works.
250 _a12th
260 _aLondon
_bB T Batsford
_c1947
300 _a683p.
350 _a0
520 _aShelf 179. - This edition by Albert E. Baylis. - Cover title: Fletcher`s Quantities.
700 _aFletcher, Herbert Phillips
700 _aBaylis, Albert E.
942 _n0
948 _c04/03/1997
999 _c86179
_d86179